100 Greatest Drummers - Statistics

General Stats
  • This quiz has been taken 85 times
  • The average score is 10 of 100
Answer Stats
# Answer % Correct
14 Ringo Starr
82%
1 John Bonham
68%
2 Keith Moon
63%
12 Charlie Watts
49%
43 Phil Collins
49%
27 Dave Grohl
47%
15 Buddy Rich
38%
3 Ginger Baker
38%
4 Neil Peart
38%
8 Mitch Mitchell
26%
10 Stewart Copeland
26%
21 Ian Paice
25%
64 Chad Smith
24%
51 Alex Van Halen
21%
42 Bill Ward
19%
7 Gene Krupa
18%
85 Tommy Lee
18%
86 Phil Rudd
16%
99 Travis Barker
16%
16 Bill Bruford
13%
50 Cozy Powell
13%
47 Dave Lombardo
13%
24 Steve Gadd
13%
96 Larry Mullen Jr
12%
52 Matt Cameron
12%
60 Mick Fleetwood
12%
22 Levon Helm
10%
94 Meg White
10%
17 Terry Bozzio
10%
49 Vinnie Colaiuta
10%
26 Danny Carey
9%
37 Jeff Porcaro
9%
98 Steven Adler
9%
41 Carter Beauford
7%
23 Elvin Jones
7%
55 Max Weinberg
7%
36 Steve Smith
7%
45 Billy Cobham
6%
28 Carmine Appice
6%
59 Jim Gordon
6%
38 Jim Keltner
6%
74 Michael Shrieve
6%
19 Tony Williams
6%
20 Bernard Purdie
4%
63 Dennis Chambers
4%
5 Hal Blaine
4%
70 Tommy Ramone
4%
53 Jimmy Chamberlin
3%
79 Mick Avory
3%
58 Sheila E
3%
80 Steve Jordan
3%
9 Al Jackson Jr
1%
61 Clem Burke
1%
69 Dale Crover
1%
13 DJ Fontana
1%
25 Earl Palmer
1%
87 George Hurley
1%
40 Jack DeJohnette
1%
32 James Gadson
1%
48 John French
1%
66 Kenny Aronoff
1%
54 Questlove
1%
56 Richie Hayward
1%
65 Sly Dunbar
1%
39 Tiki Fullwood
1%
62 Tony Thompson
1%
18 Ziggy Modeliste
1%
11 Benny Benjamin
0%
89 Bill Stevenson
0%
91 Brian Chippendale
0%
71 Butch Trucks and Jaimoe
0%
29 Carlton Barrett
0%
95 Chris Dave
0%
100 Christian Vander
0%
97 Cindy Blackman
0%
30 Clifton James
0%
6 Clyde Stubblefield and John “Jabo” Starks
0%
46 Dave Garibaldi
0%
75 Earl Hudson
0%
76 Earl Young
0%
35 Fred Below
0%
82 Glenn Kotche
0%
67 Greg Errico
0%
72 James “Diamond” Williams
0%
90 Janet Weiss
0%
68 Jerome “Bigfoot” Brailey
0%
44 Jerry Allison
0%
84 John Stanier
0%
88 Jon Theodore
0%
81 JR Robinson
0%
57 Manu Katche
0%
34 Mickey Hart and Bill Kreutzmann
0%
78 Micky Waller
0%
77 Moe Tucker
0%
73 Pete Thomas
0%
92 Ralph Molina
0%
31 Roger Hawkins
0%
83 Ronald Shannon Jackson
0%
93 Tomas Haake
0%
33 Tony Allen
0%
No matching quizzes found
Score Distribution
Percent of People with Each Score
Percentile by Number Answered
Your Score History
You have not taken this quiz